BIM TLAND BOOK / (Record no. 587280)

000 -LEADER
fixed length control field 00351nam a22001337a 4500
040 ## - CATALOGING SOURCE
Transcribing agency FIZZA ISHAQ
082 ## - DEWEY DECIMAL CLASSIFICATION NUMBER
Classification number 690.0285
Author Mark RAF
100 ## - MAIN ENTRY--PERSONAL NAME
Personal name PAUL, CHARLES SACKES RAFAEL.
9 (RLIN) 86288
245 ## - TITLE STATEMENT
Title BIM TLAND BOOK /
Statement of responsibility, etc. RAFAEL SACKES CHARLES PAUL.
250 ## - EDITION STATEMENT
Edition statement 3rd ED.
260 ## - PUBLICATION, DISTRIBUTION, ETC.
Place of publication, distribution, etc. CANADA :
Name of publisher, distributor, etc. JHON WILEY SON,
Date of publication, distribution, etc. 2018.
300 ## - PHYSICAL DESCRIPTION
Extent 659 P. ;
942 ## - ADDED ENTRY ELEMENTS (KOHA)
Source of classification or shelving scheme
Koha item type Book
Holdings
Withdrawn status Lost status Source of classification or shelving scheme Damaged status Not for loan Permanent Location Current Location Date acquired Total Checkouts Full call number Date last seen Copy number Price effective from Koha item type
          NUST Baluchistan Campus (NBC) NUST Baluchistan Campus (NBC) 12/09/2021   690.0285 RAF 12/09/2021 Q-2150 12/09/2021 Book
© 2023 Central Library, National University of Sciences and Technology. All Rights Reserved.